[Event "EU-ch U14 Girls 25th"]
[Site "Porec"]
[Date "2015.09.28"]
[Round "7"]
[White "Vidmar, Klara"]
[Black "Caneri, Alice"]
[Result "1-0"]
[WhiteElo "1581"]
[BlackElo "1487"]
[PlyCount "90"]
[EventDate "2015.09.21"]
[EventType "swiss"]
[EventRounds "9"]
[EventCountry "CRO"]
[SourceTitle "EXT 2016"]
[Source "ChessBase"]
[SourceDate "2015.10.08"]
[SourceVersion "1"]
[SourceVersionDate "2015.10.08"]
[SourceQuality "1"]

1. e4 e5 2. Nf3 Nc6 3. c3 Nf6 4. d4 exd4 5. e5 Nd5 6. cxd4 d6 7. Bb5 Bd7 8. Qe2 dxe5 9. Bxc6 Bxc6 10. Nxe5 Qe7 11. Nxc6 Qxe2+ 12. Kxe2 bxc6 13. Rd1 Bd6 14. Kf1 0-0 15. a3 Rfe8 16. Nd2 Re6 17. Nc4 Bf4 18. Bxf4 Nxf4 19. g3 Nd5 20. Rac1 Rb8 21. Rc2 Kf8 22. Ne5 Ke8 23. Nxc6 Rb7 24. Re1 Rxe1+ 25. Kxe1 Kd7 26. Ne5+ Ke7 27. Re2 f6 28. Nc4+ Kd7 29. Re4 Nb6 30. Na5 Rb8 31. Ke2 Kd6 32. b4 f5 33. Re5 g6 34. Kd3 Nd7 35. Nc4+ Kc6 36. Re6+ Kb5 37. Re7 Nf8 38. Rxc7 a6 39. Rc5+ Ka4 40. Ra5+ Kb3 41. Rxa6 Rc8 42. Nd2+ Kb2 43. b5 Rb8 44. Nc4+ Kb3 45. a4 Kb4 1-0

[Event "EU-ch U14 Girls 25th"]
[Site "Porec"]
[Date "2015.09.27"]
[Round "6"]
[White "Caneri, Alice"]
[Black "Zuteg, Dorotea"]
[Result "1-0"]
[WhiteElo "1487"]
[BlackElo "1472"]
[PlyCount "117"]
[EventDate "2015.09.21"]
[EventType "swiss"]
[EventRounds "9"]
[EventCountry "CRO"]
[SourceTitle "EXT 2016"]
[Source "ChessBase"]
[SourceDate "2015.10.08"]
[SourceVersion "1"]
[SourceVersionDate "2015.10.08"]
[SourceQuality "1"]

1. e4 c5 2. Nc3 e6 3. Bc4 Nc6 4. d3 Be7 5. Nf3 d6 6. Bf4 Nf6 7. 0-0 0-0 8. Re1 a6 9. a3 b5 10. Ba2 Bb7 11. Ne2 e5 12. Bg3 Rc8 13. c3 Qb6 14. Qc2 a5 15. Rad1 Na7 16. Bh4 b4 17. Bxf6 Bxf6 18. axb4 cxb4 19. d4 Qc7 20. d5 bxc3 21. bxc3 Ba6 22. Rc1 Rb8 23. c4 Rfc8 24. Qd3 Qd7 25. Rc3 Bd8 26. Rec1 Bb6 27. Ng3 f6 28. Nf5 Bc5 29. Rb1 Rb4 30. h4 Rcb8 31. Rxb4 Bxb4 32. Rc1 Nc8 33. h5 Ne7 34. N3h4 Nxf5 35. Nxf5 Rc8 36. Bb3 a4 37. Bxa4 Qxa4 38. Ne7+ Kf8 39. Nxc8 Bxc8 40. Rb1 Bc5 41. Rb8 Qd7 42. Qh3 Bxf2+ 43. Kh2 Qxh3+ 44. gxh3 g6 45. Rxc8+ Kg7 46. hxg6 hxg6 47. Kg2 Be3 48. Kf3 Bg1 49. Rc7+ Kg8 50. Kg4 Be3 51. h4 Kf8 52. h5 gxh5+ 53. Kxh5 Ke8 54. Kg6 Kd8 55. Rb7 Bc5 56. Kxf6 Kc8 57. Re7 Kb8 58. Rd7 Kc8 59. Ke6 1-0